AK’s General Knowledge A-Z #79 - Statistics

General Stats
  • This quiz has been taken 268 times
  • The average score is 17 of 26
Answer Stats
Hint Answer % Correct
B – religious leader whose spot of enlightenment under a bodhi tree has been preserved for about 2500 years Buddha
96%
D – a Marvel character (acronym nickname), or a person who plays and mixes recorded music for an audience DJ
93%
F – acronym for International Federation of Association Football FIFA
93%
J – not August, but named after Caesar July
93%
U – an alien spacecraft UFO
93%
O – Michelle who wrote 2018 autobiography Becoming Obama
91%
W – awarded actor Denzel (Training Day, Unstoppable) Washington
88%
H – reality TV show The Real __________ of New Jersey Housewives
85%
P – the most spoken language in the Southern Hemisphere Portuguese
85%
E – someone who died – or did he? (his anagram is “Lives”) Elvis
84%
R – historic market town in Berkshire, England, or the thing you do with books Reading
83%
Y – me or I in Spanish, or a slang interjection (“__, Adrian, I did it!”) Yo
83%
X – team size in rugby union, “quinze” in French, __ in Roman numerals XV
74%
A – a law, or what thespians do Act
70%
N – Hitchcock’s 1959 spy thriller North by _________ Northwest
70%
C – skydiving devices, or tubes through which one can slide down; the board game Snakes and ladders is also known as ______ and Ladders Chutes
65%
G – plant grown as ground cover, or German writer Günter (The Tin Drum) Grass
63%
I – another name for the Volcano Islands of Japan, of which ___ Jima is one Iwo
61%
L – a great deal, or a distinct portion or plot of land Lot
58%
T – degree to which a poisonous substance may harm a cell or organism, or System of a Down’s 2001 hit Toxicity
49%
S – like, comment, _____ (in German: “gefällt mir, kommentieren, teilen”) Share
45%
M – main island of the island nation whose capital is Port Louis Mauritius
42%
V – ice hockey team _____ Golden Knights who compete in the Pacific Division of NHL Vegas
30%
K – first name of inspector Wallander created by Henning Mankell Kurt
24%
Q – multinational corporation headquartered in San Diego, California, which creates semiconductors, software, and services related to wireless technology Qualcomm
13%
Z – Novaya ______, an archipelago in the northern part of Russia; houses the easternmost point of Europe Zemlya
11%
No matching quizzes found
Score Distribution
Percent of People with Each Score
Percentile by Number Answered
Your Score History
You have not taken this quiz